[Event "ICS rated blitz match"]
[Site "207.99.83.229"]
[Date "1999.07.23"]
[Round "?"]
[White "Hossa"]
[Black "pagoda"]
[Result "1-0"]
[WhiteElo "2437"]
[BlackElo "2047"]
[PlyCount "39"]
[EventDate "1999.??.??"]

1. Nf3 d6 2. e4 Bg4 3. d4 Nd7 4. Be2 e5 5. dxe5 dxe5 6. Nxe5 Nxe5 7. Bxg4 Nxg4
8. Qxg4 Nf6 9. Qf5 c6 10. Bg5 Be7 11. Nd2 O-O 12. O-O-O Qc7 13. Nf3 Rfe8 14.
Bxf6 Bxf6 15. Rd7 Qb6 16. e5 Qb5 17. Rhd1 Re7 18. Rd8+ Re8 19. Rxe8+ Rxe8 20.
Qd7 {pagoda resigns} 1-0

[Event "ICS Rated blitz match"]
[Site "207.99.83.229"]
[Date "1999.07.23"]
[Round "?"]
[White "Hossa"]
[Black "matar"]
[Result "1-0"]
[WhiteElo "2440"]
[BlackElo "2222"]
[PlyCount "56"]
[EventDate "1999.??.??"]

1. d4 d5 2. c4 e6 3. Nc3 Nf6 4. cxd5 exd5 5. Bg5 Be7 6. e3 O-O 7. Bd3 Nbd7 8.
Qc2 Re8 9. Nf3 Nf8 10. O-O-O Be6 11. Ne5 c5 12. Bb5 N6d7 13. Bxe7 Qxe7 14. Nxd7
Nxd7 15. dxc5 Rec8 16. Bxd7 Qxd7 17. b4 a5 18. Nxd5 Bxd5 19. e4 axb4 20. Rxd5
Qb5 21. Rhd1 h6 22. e5 g6 23. Kb2 Ra3 24. e6 Rc3 25. exf7+ Kg7 26. Qe4 R3xc5
27. Qe7 Rc2+ 28. Kb1 28... Rf8 {matar resigns} 1-0

[Event "ICS rated blitz match"]
[Site "207.99.83.229"]
[Date "1999.07.23"]
[Round "?"]
[White "matar"]
[Black "Hossa"]
[Result "0-1"]
[WhiteElo "2215"]
[BlackElo "2447"]
[PlyCount "76"]
[EventDate "1999.??.??"]

1. e4 b6 2. d4 Bb7 3. Bd3 e6 4. Qe2 d5 5. exd5 Bxd5 6. Nf3 Nc6 7. c3 Nf6 8. O-O
Bd6 9. Be3 O-O 10. Nfd2 e5 11. c4 Nxd4 12. Bxd4 Bxg2 13. Kxg2 exd4 14. Nf3 c5
15. Nbd2 Re8 16. Qd1 Bf4 17. Kh1 Qd7 18. Re1 Ng4 19. Rxe8+ Rxe8 20. Qf1 Nxh2
21. Nxh2 Bxd2 22. Rd1 Bf4 23. Re1 Qc6+ 24. f3 Rxe1 25. Qxe1 g5 26. Be4 Qh6 27.
Qe2 Qh5 28. Kg1 Be3+ 29. Kf1 Qh4 30. Qg2 h5 31. Ke2 Bf4 32. Nf1 Bc1 33. b3 Bf4
34. Qf2 Qh3 35. Kd3 g4 36. Bd5 g3 37. Qg1 g2 38. Nd2 38... Qh1 {matar resigns}
0-1

[Event "ICS Rated blitz match"]
[Site "207.99.83.229"]
[Date "1999.07.24"]
[Round "?"]
[White "pagoda"]
[Black "Hossa"]
[Result "1/2-1/2"]
[WhiteElo "2086"]
[BlackElo "2463"]
[PlyCount "102"]
[EventDate "1999.??.??"]

1. e4 b6 2. d4 Bb7 3. Bd3 e6 4. Nf3 d5 5. e5 c5 6. c3 cxd4 7. cxd4 Bb4+ 8. Nc3
Ne7 9. Bd2 Nbc6 10. Qe2 Rc8 11. O-O Bxc3 12. Bxc3 Ng6 13. Bd2 Nh4 14. Be3 Nxf3+
15. Qxf3 Qh4 16. Rfd1 O-O 17. g3 Qe7 18. a3 f6 19. exf6 Qxf6 20. Qxf6 Rxf6 21.
Rac1 e5 22. dxe5 Nxe5 23. Rxc8+ Bxc8 24. Be2 Bb7 25. Rc1 Nf3+ 26. Bxf3 Rxf3 27.
Bd4 h6 28. Kg2 Rf7 29. f4 Re7 30. Kf2 Ba6 31. Be5 Bd3 32. Ke3 Be4 33. Kd4 Kf7
34. g4 Bf3 35. h3 Bg2 36. Rc3 b5 37. f5 a5 38. b4 axb4 39. axb4 Rd7 40. h4 Re7
41. g5 hxg5 42. hxg5 Be4 43. f6 gxf6 44. gxf6 Ra7 45. Rg3 Ke6 46. Rg7 Rxg7 47.
fxg7 Bh7 48. Bf4 Kf6 49. Be5+ Ke6 50. Bf4 Kf6 51. Be5+ 51... Ke6 {
Game drawn by repetition} 1/2-1/2

[Event "ICS Rated blitz match"]
[Site "207.99.83.229"]
[Date "1999.07.24"]
[Round "?"]
[White "TDChess"]
[Black "Hossa"]
[Result "1-0"]
[WhiteElo "2526"]
[BlackElo "2453"]
[PlyCount "231"]
[EventDate "1999.??.??"]

1. e4 Nf6 2. e5 Nd5 3. Nf3 d6 4. d4 Bg4 5. Be2 Nc6 6. O-O dxe5 7. dxe5 Bh5 8.
Bg5 h6 9. Bc1 f6 10. c4 Nb6 11. Qc2 Nb4 12. Qf5 g6 13. Qf4 Bxf3 14. Qxf3 Qd4
15. exf6 Qxf6 16. Qxb7 Nc2 17. c5 Bg7 18. Bc4 Nxc4 19. Qxa8+ Kf7 20. Qe4 Nxa1
21. Qxc4+ Qe6 22. Na3 Qxc4 23. Nxc4 Nc2 24. Rd1 Nd4 25. Re1 Rd8 26. Bd2 Rd5 27.
b4 Nc2 28. Rc1 Na3 29. Be1 Nxc4 30. Rxc4 h5 31. Kf1 Bd4 32. Bc3 e5 33. Ke2 Kf6
34. h4 a6 35. Bd2 Kf5 36. f3 c6 37. Rc1 e4 38. fxe4+ Kxe4 39. Rc4 Kf5 40. Be3
Be5 41. a4 Rd7 42. Bc1 Ke6 43. Bd2 Kd5 44. Rc1 Bb2 45. Rb1 Re7+ 46. Kd3 Bf6 47.
g3 Re4 48. Kc2 Rc4+ 49. Kb3 Rg4 50. Bf4 Bxh4 51. Rd1+ Ke4 52. gxh4 Kxf4 53. a5
Rxh4 54. Rd6 g5 55. Rf6+ Ke4 56. Rxc6 g4 57. Rxa6 Rh3+ 58. Kc4 g3 59. Kb5 g2
60. Rg6 Kf3 61. a6 Kf2 62. a7 Ra3 63. Ra6 Rxa6 64. Kxa6 g1=Q 65. a8=Q Qa1+ 66.
Kb7 Qxa8+ 67. Kxa8 h4 68. c6 h3 69. c7 h2 70. c8=Q h1=Q+ 71. Kb8 Qe4 72. Qc5+
Kf1 73. b5 Qe8+ 74. Ka7 Qf7+ 75. Kb6 Qe6+ 76. Kb7 Qf7+ 77. Qc7 Qd5+ 78. Qc6
Qf7+ 79. Kb8 Qg8+ 80. Ka7 Qa2+ 81. Qa6 Qf7+ 82. Qb7 Qa2+ 83. Kb8 Qg8+ 84. Qc8
Qg3+ 85. Qc7 Qg8+ 86. Ka7 Qa2+ 87. Kb6 Qe6+ 88. Qc6 Qe3+ 89. Kb7 Qe7+ 90. Qc7
Qe4+ 91. Ka6 Qa4+ 92. Qa5 Qe4 93. Qc3 Qa8+ 94. Kb6 Qb8+ 95. Ka5 Qa7+ 96. Kb4
Qe7+ 97. Ka4 Qe4+ 98. Qb4 Qa8+ 99. Kb3 Qb8 100. Qc4+ Ke1 101. Qc5 Kf1 102. b6
Qg3+ 103. Qc3 Qd6 104. b7 Qd1+ 105. Kb2 Qe2+ 106. Kc1 Qe8 107. Qf3+ Kg1 108.
Qg3+ Kf1 109. b8=Q Qxb8 110. Qxb8 Kf2 111. Qf4+ Kg1 112. Qg4+ Kh1 113. Kd2 Kh2
114. Ke3 Kh1 115. Kf3 Kh2 116. Qg2# {Hossa checkmated} 1-0

[Event "ICS rated blitz match"]
[Site "207.99.83.229"]
[Date "1999.07.24"]
[Round "?"]
[White "Hossa"]
[Black "ravingloony"]
[Result "1-0"]
[WhiteElo "2445"]
[BlackElo "2318"]
[PlyCount "59"]
[EventDate "1999.??.??"]

1. d4 f5 2. c4 Nf6 3. Nc3 g6 4. f3 Bg7 5. Bg5 O-O 6. e3 d6 7. Qd3 e5 8. O-O-O
h6 9. dxe5 hxg5 10. exf6 Qxf6 11. Nge2 Na6 12. Qd5+ Be6 13. Qxb7 Nc5 14. Qxc7
Rac8 15. Qxa7 Ra8 16. Qb6 Rfb8 17. Qxd6 Na4 18. Nxa4 Rxb2 19. Nd4 Rxa2 20.
Qxe6+ Qxe6 21. Nxe6 R8xa4 22. Rd8+ Kh7 23. Nxg5+ Kh6 24. Nf7+ Kh5 25. Rb8 Ra1+
26. Rb1 R1a2 27. h4 R4a3 28. g4+ fxg4 29. Rb5+ g5 30. Rxg5# {
ravingloony checkmated} 1-0

[Event "ICS rated blitz match"]
[Site "207.99.83.229"]
[Date "1999.07.24"]
[Round "?"]
[White "Hossa"]
[Black "ravingloony"]
[Result "1-0"]
[WhiteElo "2465"]
[BlackElo "2298"]
[PlyCount "45"]
[EventDate "1999.??.??"]

1. d4 f5 2. c4 Nf6 3. Nc3 g6 4. f3 Bg7 5. Bg5 O-O 6. e3 d6 7. Qd3 e5 8. O-O-O
h6 9. dxe5 hxg5 10. exf6 Qxf6 11. Nge2 Na6 12. Qd5+ Be6 13. Qxb7 Nc5 14. Qxc7
Rac8 15. Qxa7 Bxc4 16. Nf4 Bxf1 17. Nfd5 Qe5 18. f4 gxf4 19. exf4 Nd3+ 20. Rxd3
Qe1+ 21. Rd1 Rxc3+ 22. Nxc3 Qe3+ 23. Qxe3 {ravingloony resigns} 1-0

[Event "ICS rated blitz match"]
[Site "207.99.83.229"]
[Date "1999.07.24"]
[Round "?"]
[White "ravingloony"]
[Black "Hossa"]
[Result "1/2-1/2"]
[WhiteElo "2289"]
[BlackElo "2474"]
[PlyCount "88"]
[EventDate "1999.??.??"]

1. e4 Nf6 2. Nc3 d5 3. e5 d4 4. exf6 dxc3 5. fxg7 cxd2+ 6. Qxd2 Qxd2+ 7. Bxd2
Bxg7 8. O-O-O Nc6 9. Bb5 Bd7 10. Nf3 h6 11. Rhe1 e6 12. Re3 O-O-O 13. Bc3 Bxc3
14. Rxc3 f6 15. Rcd3 e5 16. Nd2 a6 17. Ba4 b5 18. Bb3 Bg4 19. Rxd8+ Rxd8 20. f3
Bd7 21. Ne4 Rf8 22. Nc5 Nb8 23. Nxd7 Nxd7 24. Be6 Rd8 25. g4 c6 26. h4 a5 27.
Rd3 Kc7 28. Bxd7 Rxd7 29. Rxd7+ Kxd7 30. Kd2 Ke6 31. Ke3 c5 32. Ke4 a4 33. c3
b4 34. cxb4 cxb4 35. h5 Ke7 36. Kf5 Kf7 37. b3 a3 38. Ke4 Ke6 39. f4 exf4 40.
Kxf4 Ke7 41. Ke4 Ke6 42. Kf4 Ke7 43. Kf5 Kf7 44. Ke4 44... Ke6 {
Game drawn by mutual agreement} 1/2-1/2

[Event "ICS rated blitz match"]
[Site "207.99.83.229"]
[Date "1999.07.24"]
[Round "?"]
[White "Hossa"]
[Black "ravingloony"]
[Result "1-0"]
[WhiteElo "2466"]
[BlackElo "2297"]
[PlyCount "50"]
[EventDate "1999.??.??"]

1. d4 f5 2. c4 Nf6 3. Nc3 g6 4. f3 Bg7 5. Bg5 O-O 6. e3 d6 7. Qd3 Nc6 8. O-O-O
e5 9. Nd5 exd4 10. exd4 a5 11. Nxf6+ Bxf6 12. Bxf6 Qxf6 13. Qe3 a4 14. Ne2 a3
15. bxa3 Be6 16. d5 Qa1+ 17. Kd2 Qxa2+ 18. Ke1 Ne5 19. Nc3 Qb2 20. Rb1 Qc2 21.
dxe6 Rxa3 22. Rc1 Qb2 23. Qd2 Qb3 24. Nd5 c6 25. e7 25... c5 {
ravingloony resigns} 1-0

[Event "ICS rated blitz match"]
[Site "207.99.83.229"]
[Date "1999.07.24"]
[Round "?"]
[White "PlayWithMe"]
[Black "Hossa"]
[Result "1-0"]
[WhiteElo "2057"]
[BlackElo "2475"]
[PlyCount "137"]
[EventDate "1999.??.??"]

1. d4 d5 2. c4 e6 3. Nc3 Nf6 4. cxd5 exd5 5. Bg5 c6 6. e3 Be7 7. Bd3 Bg4 8. f3
Bh5 9. Qb3 Qb6 10. Qc2 Na6 11. a3 Bg6 12. Bxg6 fxg6 13. Nge2 Ng4 14. Bf4 Nf6
15. O-O O-O 16. Bg3 Rae8 17. Bf2 c5 18. e4 cxd4 19. Bxd4 Bc5 20. Qd2 dxe4 21.
fxe4 Nxe4 22. Rxf8+ Kxf8 23. Rf1+ Kg8 24. Nxe4 Bxd4+ 25. Qxd4 Qxd4+ 26. Nxd4
Rxe4 27. Nb5 Re2 28. Rf2 Rxf2 29. Kxf2 Nc5 30. Ke3 a6 31. Nd6 b5 32. Kd4 Ne6+
33. Ke5 Ng5 34. Ne4 Nxe4 35. Kxe4 Kf7 36. Kd5 Ke7 37. Kc6 g5 38. Kb6 Kd6 39.
Kxa6 Kc5 40. b4+ Kc6 41. Ka5 g4 42. a4 bxa4 43. Kxa4 Kb6 44. b5 h6 45. Kb4 h5
46. Kc4 g6 47. Kb4 h4 48. Kc4 h3 49. g3 Kc7 50. Kc5 g5 51. b6+ Kd7 52. Kd5 Ke7
53. Ke5 Ke8 54. Kf5 Kd7 55. Kxg5 Kc6 56. Kxg4 Kb5 57. Kxh3 Kc4 58. b7 Kd5 59.
b8=Q Kd4 60. Qb3 Ke5 61. Qc4 Kf5 62. Qd4 Kg5 63. Qf4+ Kh5 64. Qg4+ Kh6 65. Kh4
Kh7 66. Kh5 Kh8 67. Kg6 Kg8 68. Kf6+ Kf8 69. Qc8# {Hossa checkmated} 1-0

[Event "ICS rated blitz match"]
[Site "207.99.83.229"]
[Date "1999.07.24"]
[Round "?"]
[White "robbok1"]
[Black "Hossa"]
[Result "1/2-1/2"]
[WhiteElo "2526"]
[BlackElo "2467"]
[PlyCount "173"]
[EventDate "1999.??.??"]

1. e4 Nf6 2. Nc3 d5 3. e5 d4 4. exf6 dxc3 5. fxg7 cxd2+ 6. Qxd2 Qxd2+ 7. Bxd2
Bxg7 8. O-O-O Nc6 9. Bb5 Bd7 10. Nf3 h6 11. Rhe1 e6 12. Re3 O-O-O 13. Bc3 Bxc3
14. Rxc3 f6 15. h3 a6 16. Bc4 e5 17. a3 e4 18. Nh4 f5 19. Ng6 Rh7 20. Bb3 Rg7
21. Nf4 Re7 22. g3 Ree8 23. Kb1 Kb8 24. Bf7 Bc8 25. Rd5 Rf8 26. Rxd8 Rxd8 27.
Kc1 Ne5 28. Ba2 b6 29. Ne6 Rd7 30. Nf4 a5 31. b4 axb4 32. axb4 Rd4 33. b5 Ra4
34. Bd5 Ra1+ 35. Kb2 Rf1 36. Ra3 Bb7 37. Be6 Rxf2 38. Rc3 Rf3 39. Ne2 Bc8 40.
Bd5 Rxc3 41. Kxc3 Bd7 42. Nd4 Ng6 43. Kd2 Kc8 44. Ke3 Ne7 45. Bc4 c5 46. Ne2
Kc7 47. Nc3 Kd6 48. Na4 Nc8 49. Kf4 Kc7 50. Nc3 Nd6 51. Be2 Be8 52. Nd5+ Kb7
53. Ne3 Bd7 54. c4 Bc8 55. g4 fxg4 56. hxg4 Kc7 57. Nd5+ Kb7 58. Ke5 Nf7+ 59.
Kxe4 Bd7 60. Kf4 Be6 61. Bf3 Ng5 62. Bh1 Nf7 63. Bf3 Ng5 64. Bg2 Nf7 65. Ne3+
Kc7 66. Bd5 Bxd5 67. Nxd5+ Kb7 68. Ne3 Kc7 69. Kf5 Kd7 70. Kf6 Nd6 71. Kg7 Ke6
72. Kxh6 Ke5 73. g5 Kd4 74. Nd5 Kxc4 75. Nc7 Nf5+ 76. Kg6 Nh4+ 77. Kf6 Kb4 78.
g6 Nxg6 79. Kxg6 c4 80. Kf5 c3 81. Nd5+ Kxb5 82. Nxc3+ Kc5 83. Nb1 b5 84. Ke4
b4 85. Kd3 b3 86. Kc3 b2 87. Kxb2 {
Game drawn because neither player has mating material} 1/2-1/2

[Event "ICS rated blitz match"]
[Site "207.99.83.229"]
[Date "1999.07.24"]
[Round "?"]
[White "Hossa"]
[Black "robbok1"]
[Result "1-0"]
[WhiteElo "2470"]
[BlackElo "2523"]
[PlyCount "135"]
[EventDate "1999.??.??"]

1. d4 Nf6 2. c4 c5 3. d5 b5 4. cxb5 a6 5. f3 axb5 6. e4 Qa5+ 7. Bd2 b4 8. Na3
d6 9. Nc4 Qd8 10. a3 e6 11. Ne3 exd5 12. exd5 Be7 13. axb4 Rxa1 14. Qxa1 O-O
15. Qa5 Nbd7 16. Qxd8 Rxd8 17. bxc5 dxc5 18. Ne2 Bb7 19. Nc3 Nb6 20. Bd3 Nfxd5
21. Nexd5 Nxd5 22. Nxd5 Bxd5 23. Ke2 Bf6 24. Bc3 Re8+ 25. Kf2 c4 26. Be2 Bg5
27. Rd1 Be3+ 28. Kg3 Be6 29. Bd4 Bg5 30. Ra1 Rd8 31. Bc3 Be3 32. Ra4 Rc8 33. f4
f6 34. f5 Bd5 35. h4 Kf8 36. h5 Ke7 37. Kh3 Kf7 38. g4 Rc7 39. Kg3 Ke7 40. Bf3
Kd6 41. Ra6+ Bc6 42. Be2 Kc5 43. Ra5+ Bb5 44. h6 g6 45. b3 Kb6 46. fxg6 hxg6
47. bxc4 Bc6 48. Ra3 Kc5 49. Ba5 Re7 50. h7 Bf2+ 51. Kxf2 Rxh7 52. Bc3 Rf7 53.
Ra5+ Kd6 54. Bd3 f5 55. gxf5 gxf5 56. Rxf5 Rxf5+ 57. Bxf5 Kc5 58. Bd3 Bd7 59.
Ke3 Be6 60. Bd4+ Kd6 61. c5+ Kc6 62. Be4+ Kc7 63. Be5+ Kc8 64. c6 Kd8 65. c7+
Kc8 66. Kf4 Bd7 67. Bf5 Bxf5 68. Kxf5 {robbok1 resigns} 1-0

[Event "ICS Rated blitz match"]
[Site "207.99.83.229"]
[Date "1999.07.24"]
[Round "?"]
[White "Hossa"]
[Black "MissSilicon"]
[Result "1/2-1/2"]
[WhiteElo "2499"]
[BlackElo "2628"]
[PlyCount "159"]
[EventDate "1999.??.??"]

1. d4 d5 2. c4 e6 3. Nc3 Nf6 4. cxd5 exd5 5. Bg5 Nc6 6. Bxf6 Qxf6 7. Nxd5 Qd8
8. e4 Be6 9. Bc4 Na5 10. b3 Nxc4 11. bxc4 c6 12. Ne3 Bb4+ 13. Ke2 Bc3 14. d5
cxd5 15. cxd5 Bd7 16. Rb1 Qa5 17. Kf3 Qd8 18. Qd3 Qf6+ 19. Ke2 b5 20. Nf3 O-O
21. Rhc1 Rac8 22. Kf1 Ba5 23. Kg1 Rfe8 24. Rxc8 Rxc8 25. e5 Qd8 26. d6 Rc3 27.
Qd1 a6 28. Nd5 Rc4 29. Ne7+ Kf8 30. Ng5 Rg4 31. Nxh7+ Ke8 32. Qd3 Be6 33. Rc1
Bb6 34. Qf3 a5 35. Qb7 Rf4 36. Rf1 Rc4 37. Nc6 Qd7 38. Qxb6 Qxc6 39. Qb8+ Bc8
40. Qa7 Bb7 41. f3 Qc5+ 42. Qxc5 Rxc5 43. f4 Rc2 44. Rd1 Rxg2+ 45. Kf1 Rxh2 46.
d7+ Kd8 47. Ng5 Rh1+ 48. Ke2 Rxd1 49. Nxf7+ Kxd7 50. Kxd1 Bd5 51. Nd6 b4 52.
Kc1 a4 53. Kb1 g5 54. fxg5 Ke6 55. Nc8 a3 56. Nb6 Be4+ 57. Kc1 Kxe5 58. Nd7+
Kf5 59. Nc5 Bd5 60. Kb1 Bc4 61. g6 Kxg6 62. Ka1 Kf5 63. Nb7 Ke5 64. Na5 Bd5 65.
Kb1 Kd4 66. Ka1 Kc3 67. Kb1 Be6 68. Ka1 Bg8 69. Kb1 b3 70. axb3 Bxb3 71. Nxb3
Kxb3 72. Ka1 Ka4 73. Ka2 Kb4 74. Kb1 Kb5 75. Ka2 Ka4 76. Kb1 Ka5 77. Ka2 Kb4
78. Kb1 Kc5 79. Ka2 Kd4 80. Kxa3 {
Game drawn because neither player has mating material} 1/2-1/2

[Event "ICS Rated blitz match"]
[Site "207.99.83.229"]
[Date "1999.07.24"]
[Round "?"]
[White "MissSilicon"]
[Black "Hossa"]
[Result "1-0"]
[WhiteElo "2635"]
[BlackElo "2505"]
[PlyCount "104"]
[EventDate "1999.??.??"]

1. e4 Nf6 2. e5 Nd5 3. c4 Nb6 4. d4 d6 5. exd6 exd6 6. Nf3 Be7 7. Nc3 O-O 8.
Bd3 Bg4 9. h3 Bh5 10. g4 Bg6 11. Bxg6 fxg6 12. b3 c5 13. O-O d5 14. dxc5 dxc4
15. Qxd8 Bxd8 16. Ng5 Bf6 17. Nge4 Bxc3 18. Nxc3 N6d7 19. Be3 cxb3 20. axb3 Rf3
21. Rfd1 a6 22. Rd5 Kf7 23. Kg2 Rf6 24. Rad1 Ke8 25. Ne4 Re6 26. Nd6+ Ke7 27.
Nxb7 a5 28. Bf4 Ra7 29. c6 Rxc6 30. Bd6+ Kf6 31. Nd8 Rxd6 32. Rxd6+ Ke7 33.
Nc6+ Nxc6 34. Rxc6 g5 35. Rd5 h6 36. Rc4 Ke6 37. Rf5 Rb7 38. Rc6+ Ke7 39. Rg6
Rxb3 40. Rxg7+ Kd8 41. Rxa5 Kc8 42. Ra7 Nf6 43. Rgf7 Ne8 44. Ra8+ Rb8 45. Rxb8+
Kxb8 46. Rf8 Kc7 47. Rxe8 Kd7 48. Rh8 Ke6 49. Rxh6+ Kf7 50. Kf3 Kg7 51. Rh5 Kf6
52. Ke4 52... Ke7 {Hossa resigns} 1-0

[Event "ICS rated blitz match"]
[Site "207.99.83.229"]
[Date "1999.07.24"]
[Round "?"]
[White "Pheona"]
[Black "Hossa"]
[Result "1-0"]
[WhiteElo "2476"]
[BlackElo "2495"]
[PlyCount "148"]
[EventDate "1999.??.??"]

1. d4 d5 2. c4 e6 3. Nc3 Nf6 4. Bg5 c6 5. e3 Be7 6. Nf3 O-O 7. Bd3 Nbd7 8. O-O
Ng4 9. Bxe7 Qxe7 10. Qb1 f5 11. cxd5 cxd5 12. Rc1 Ndf6 13. h3 Nh6 14. Nb5 a6
15. Nc7 Rb8 16. Qc2 Ne4 17. Qe2 Nf7 18. Rc2 Bd7 19. Rac1 Rbc8 20. Qe1 Qd6 21.
Qa5 Kh8 22. b3 Kg8 23. Nh2 Nh8 24. Bxe4 fxe4 25. Qc5 Qxc5 26. Rxc5 b6 27. R5c3
a5 28. Ng4 Ng6 29. h4 h5 30. Ne5 Nxe5 31. dxe5 Rcd8 32. Na6 Kh7 33. Rc7 Bb5 34.
Ra7 Ra8 35. Rxa8 Rxa8 36. Nc7 Rc8 37. Rc3 Bd7 38. f4 exf3 39. gxf3 Kg6 40. e4
dxe4 41. fxe4 Kh6 42. Kf2 g5 43. hxg5+ Kxg5 44. Ke3 h4 45. Kf3 b5 46. Rc1 Kh5
47. Rc2 a4 48. b4 Kg5 49. Rg2+ Kh6 50. Na6 Kh5 51. Rg7 Rf8+ 52. Ke3 Bc8 53. Nc7
Rh8 54. Nxb5 h3 55. Kf3 Ba6 56. Nd6 Bf1 57. Kg3 Rh6 58. Nf7 Rg6+ 59. Rxg6 Kxg6
60. Nd6 h2 61. Kxh2 Kg5 62. Kg3 a3 63. b5 Kg6 64. b6 Ba6 65. Kf4 Kh5 66. b7
Bxb7 67. Nxb7 Kh4 68. Nc5 Kh5 69. Nxe6 Kg6 70. Nd4 Kf7 71. Kf5 Ke8 72. Kf6 Kd8
73. e6 Ke8 74. e7 74... Kd7 {Hossa resigns} 1-0

[Event "ICS rated blitz match"]
[Site "207.99.83.229"]
[Date "1999.07.24"]
[Round "?"]
[White "Hossa"]
[Black "Pheona"]
[Result "0-1"]
[WhiteElo "2478"]
[BlackElo "2493"]
[PlyCount "128"]
[EventDate "1999.??.??"]

1. d4 d5 2. c4 e6 3. Nc3 Nf6 4. cxd5 exd5 5. Bg5 Be7 6. e3 O-O 7. Bd3 Re8 8.
Qc2 h6 9. Bxf6 Bxf6 10. Nge2 Nc6 11. a3 Ne7 12. O-O Bg4 13. Rae1 Kf8 14. e4
dxe4 15. Bxe4 c6 16. Qd3 Qb6 17. Na4 Qc7 18. f3 Bd7 19. Nc5 Rad8 20. b4 Bc8 21.
Kh1 b6 22. Nb3 Be6 23. Na1 c5 24. bxc5 bxc5 25. Rc1 c4 26. Qc3 Nd5 27. Qd2 Rc8
28. Bxd5 Bxd5 29. Nf4 Bb7 30. Nh5 Be7 31. Nc2 Bd6 32. f4 Re4 33. d5 g6 34. Nf6
c3 35. Qd3 Rxf4 36. Rxf4 Bxf4 37. Rb1 Ba8 38. Rf1 a6 39. Ng4 Qc4 40. Qf3 g5 41.
Nge3 Qc7 42. Qh3 Kg8 43. Qxh6 Qd6 44. Qh5 Re8 45. Rf3 Qg6 46. Qg4 Rb8 47. Rf1
Qe4 48. Nd1 Kf8 49. Nb4 c2 50. Nxc2 Qxc2 51. Qf3 Qc4 52. Re1 Bxd5 53. Qh3 Kg8
54. Nf2 Qe2 55. Nd3 Bxg2+ 56. Qxg2 Qxd3 57. a4 Qd4 58. Rf1 Rb2 59. Qh3 Qd5+ 60.
Qf3 Qa2 61. h4 Rh2+ 62. Kg1 Rh1+ 63. Qxh1 Be3+ 64. Rf2 64... Qxf2# {
Hossa checkmated} 0-1

[Event "ICS rated blitz match"]
[Site "207.99.83.229"]
[Date "1999.07.24"]
[Round "?"]
[White "Hossa"]
[Black "Pheona"]
[Result "0-1"]
[WhiteElo "2463"]
[BlackElo "2492"]
[PlyCount "101"]
[EventDate "1999.??.??"]

1. d4 Nf6 2. c4 e6 3. Nc3 d5 4. Nf3 Ne4 5. cxd5 Nxc3 6. bxc3 exd5 7. Bg5 Be7 8.
Bxe7 Qxe7 9. e3 O-O 10. Bd3 Nd7 11. Qb1 Nf6 12. Ng5 h6 13. Nf3 c5 14. O-O c4
15. Bc2 Qa3 16. Rc1 Re8 17. Ne5 Re6 18. Qb5 Kf8 19. Qa4 Ra6 20. Qxa3+ Rxa3 21.
Bb1 b5 22. f3 b4 23. cxb4 Rxe3 24. Kf2 Ra3 25. Bc2 Rb8 26. Rcb1 Rc3 27. Rb2 Ba6
28. Re1 Ra3 29. Kg1 c3 30. Re3 cxb2 31. Rxa3 Rc8 32. Nd3 Rxc2 33. Nxb2 Rxb2 34.
Rxa6 Rxb4 35. Rxa7 Rxd4 36. a4 Rd1+ 37. Kf2 Rd2+ 38. Kg1 d4 39. a5 d3 40. a6
Ra2 41. Ra8+ Ke7 42. Ra7+ Nd7 43. Kf1 Ra1+ 44. Kf2 d2 45. Ra8 d1=Q 46. Kg3 Qe1+
47. Kh3 g5 48. Re8+ Kxe8 49. g3 Qf1+ 50. Kg4 Nf6+ 51. Kf5 {Hossa resigns} 0-1

[Event "ICS rated blitz match"]
[Site "207.99.83.229"]
[Date "1999.07.24"]
[Round "?"]
[White "TDChess"]
[Black "Hossa"]
[Result "1-0"]
[WhiteElo "2515"]
[BlackElo "2448"]
[PlyCount "121"]
[EventDate "1999.??.??"]

1. e4 Nf6 2. e5 Nd5 3. Nf3 d6 4. d4 Bg4 5. Be2 Nc6 6. O-O dxe5 7. dxe5 Bh5 8.
a4 f6 9. exf6 gxf6 10. c4 Ndb4 11. Qb3 e5 12. Rd1 Bd6 13. c5 Bf7 14. Bc4 Bxc4
15. Qxc4 Qe7 16. cxd6 O-O-O 17. Be3 Rxd6 18. Rxd6 Qxd6 19. Nc3 Qf8 20. Ne4 Qg7
21. Qe6+ Kb8 22. Nxf6 Nc2 23. Bh6 Qg6 24. Nh4 Qd3 25. Nd7+ Ka8 26. Rf1 Qd6 27.
Qxd6 cxd6 28. Nf5 N2d4 29. Nxd4 Nxd4 30. Nf6 Nf5 31. Bd2 a6 32. g4 Nd4 33. Be3
h6 34. Bxd4 exd4 35. Rd1 Rf8 36. Nd5 Kb8 37. Rxd4 Re8 38. Kf1 Rg8 39. Ne7 Rg5
40. h4 Re5 41. Nf5 h5 42. Nxd6 hxg4 43. Rxg4 Rd5 44. Nc4 b5 45. Ne3 Rh5 46. f4
bxa4 47. f5 Rh6 48. Rxa4 Rb6 49. h5 Rxb2 50. Rxa6 Kb7 51. Re6 Rh2 52. f6 Rxh5
53. f7 Rh8 54. Re8 Rh1+ 55. Kg2 Rh6 56. f8=Q Rg6+ 57. Kh2 Kc6 58. Rc8+ Kb5 59.
Qc5+ Ka4 60. Ra8+ Kb3 61. Qa3# {Hossa checkmated} 1-0

[Event "ICS rated blitz match"]
[Site "207.99.83.229"]
[Date "1999.07.24"]
[Round "?"]
[White "Hossa"]
[Black "ulun"]
[Result "1-0"]
[WhiteElo "2435"]
[BlackElo "2129"]
[PlyCount "55"]
[EventDate "1999.??.??"]

1. d4 d6 2. c4 e6 3. e4 g6 4. Nf3 Bg7 5. Be2 Ne7 6. O-O b6 7. Nc3 Bb7 8. Bf4
Nd7 9. Qd2 h6 10. Rad1 a6 11. Qe3 g5 12. Bg3 Nf8 13. Nd2 Nfg6 14. a3 Qd7 15.
Bf3 f6 16. a4 e5 17. a5 bxa5 18. Nb3 Nf4 19. Nxa5 Rb8 20. Bxf4 gxf4 21. Qe2 Bc8
22. Nd5 Nxd5 23. cxd5 Bb7 24. Bg4 Qe7 25. Nxb7 Rxb7 26. Qxa6 Rxb2 27. Qc8+ Kf7
28. Bh5# {ulun checkmated} 1-0

[Event "ICS rated blitz match"]
[Site "207.99.83.229"]
[Date "1999.07.24"]
[Round "?"]
[White "shadow4"]
[Black "Hossa"]
[Result "1-0"]
[WhiteElo "2427"]
[BlackElo "2440"]
[PlyCount "109"]
[EventDate "1999.??.??"]

1. e4 Nf6 2. Nc3 d5 3. exd5 Nxd5 4. Bc4 e6 5. Qf3 Nb4 6. Bb3 N8c6 7. Nge2 Bd6
8. a3 Na6 9. Ne4 O-O 10. Qh5 Be7 11. O-O e5 12. d3 Qd7 13. Ng5 Bxg5 14. Bxg5
Nc5 15. Bc4 Qf5 16. Ng3 Qg4 17. Qxg4 Bxg4 18. Bd5 h6 19. Be3 Nd4 20. Bxd4 exd4
21. b4 Rad8 22. Bxf7+ Rxf7 23. bxc5 Rd5 24. Rab1 Bc8 25. Ne4 Re7 26. Rfe1 Kf7
27. a4 a5 28. Kf1 Kg6 29. Re2 Rh5 30. h3 Re8 31. Ke1 Rf5 32. g4 Rd5 33. f4 Re7
34. Rb5 h5 35. f5+ Kf7 36. Rxa5 hxg4 37. hxg4 Bd7 38. Ra8 Ree5 39. Rb8 b6 40.
Rb7 bxc5 41. Rxc7 Kg8 42. a5 Ba4 43. a6 Rd8 44. f6 Re6 45. f7+ Kf8 46. Nxc5 Rb6
47. a7 g5 48. Rh2 Rb1+ 49. Kf2 Bd7 50. Rh7 Rf1+ 51. Kxf1 Ke7 52. f8=Q+ Kxf8 53.
Nxd7+ Rxd7 54. a8=Q+ Rd8 55. Qxd8# {Hossa checkmated} 1-0

[Event "ICS rated blitz match"]
[Site "207.99.83.229"]
[Date "1999.07.24"]
[Round "?"]
[White "Hossa"]
[Black "hnishy"]
[Result "1-0"]
[WhiteElo "2423"]
[BlackElo "2336"]
[PlyCount "62"]
[EventDate "1999.??.??"]

1. d4 d5 2. c4 Nf6 3. cxd5 Nxd5 4. e4 Nb6 5. Nc3 g6 6. Bf4 Bg7 7. Nf3 O-O 8.
Be2 c6 9. O-O Bg4 10. Ng5 Bxe2 11. Nxe2 N8d7 12. Qd3 Nf6 13. Rad1 Qd7 14. f3
Rfd8 15. Qb3 Qe8 16. Bc7 Nfd7 17. Bxd8 Rxd8 18. a4 Rb8 19. a5 Nc8 20. Qe3 e6
21. Nh3 Qe7 22. Nhf4 Nd6 23. b4 Nc4 24. Qc3 Nd6 25. Nd3 Nb5 26. Qa1 Rd8 27. Qb2
Nb8 28. Nc5 b6 29. Na4 bxa5 30. bxa5 Na6 31. Rd2 31... c5 {hnishy resigns} 1-0

[Event "ICS rated blitz match"]
[Site "207.99.83.229"]
[Date "1999.07.24"]
[Round "?"]
[White "sergor"]
[Black "Hossa"]
[Result "1-0"]
[WhiteElo "2312"]
[BlackElo "2435"]
[PlyCount "83"]
[EventDate "1999.??.??"]

1. d4 d5 2. c4 e6 3. Nc3 Nf6 4. Bg5 c6 5. cxd5 exd5 6. Qc2 Nbd7 7. e3 Be7 8.
Bd3 O-O 9. Nge2 h6 10. Bh4 g5 11. Bg3 h5 12. h4 g4 13. Be5 Nxe5 14. dxe5 Nd7
15. Ng3 Nxe5 16. Nxh5 f5 17. O-O-O Bxh4 18. Kb1 Nxd3 19. Rxd3 Bg5 20. g3 Re8
21. Nf4 Re7 22. Rdd1 Bxf4 23. gxf4 Rh7 24. Rxh7 Kxh7 25. Rh1+ Kg7 26. Ne2 Qf6
27. Ng3 Qg6 28. Qc3+ d4 29. Qxd4+ Kf7 30. Qd8 Qf6 31. Rh7+ Ke6 32. Qc7 Kd5 33.
Ne2 Kc4 34. Nc3 Qf8 35. Kc2 Qf6 36. a3 Kc5 37. Rf7 Qh4 38. Qe5+ Kb6 39. Qd4+
Ka5 40. Qc5+ b5 41. b4+ Ka6 42. Qxc6# {Hossa checkmated} 1-0